al-Masa'il al-`aqadiyah `inda al-Hasan al-Jalal (d. 1084H) wa-Salih al-Maqbili (d. 1108H) : dirasah muqaranah /
المسائل العقديّة عند الحسن الجلال (ت: 1084ه) وصالح المقبليّ (ت:1108ه) : دراسة مقارنة /
محفوظ في:
| المؤلف الرئيسي: | |
|---|---|
| التنسيق: | أطروحة كتاب |
| اللغة: | Arabic |
| الموضوعات: | |
| الوسوم: |
إضافة وسم
لا توجد وسوم, كن أول من يضع وسما على هذه التسجيلة!
|
| LEADER | 01984cam a2200433 a 4500 | ||
|---|---|---|---|
| 001 | u987785 | ||
| 003 | SIRSI | ||
| 005 | 201401210837 | ||
| 008 | 140121s2013 my a t 000 0 ara m | ||
| 040 | |a UMA |d UMM |e rda | ||
| 041 | |a ara | ||
| 043 | |a a-my--- | ||
| 066 | |c (3 | ||
| 090 | |a BP42 |b A2 UM 2013 Ate | ||
| 094 | |a BP42 |b A2 UM 2013 Ate | ||
| 100 | 1 | |6 880-01 |a Ateik, Shaaib Mohammed Ali |e author | |
| 245 | 1 | 3 | |6 880-02 |a al-Masa'il al-`aqadiyah `inda al-Hasan al-Jalal (d. 1084H) wa-Salih al-Maqbili (d. 1108H) : |b dirasah muqaranah / |c Shaaib Mohammed Ali Ateik |
| 246 | 1 | 0 | |a Theological issues according to Al-Hasan Al-Jalal (d. 1084H) and Salih Al-Maqbili (d. 1108H) : |b a comparative studies |
| 264 | 1 | |c 2013. | |
| 264 | 4 | |c 2013. | |
| 300 | |a 270 leaves ; |c 30 cm. | ||
| 336 | |a text |2 rdacontent | ||
| 337 | |a unmediated |2 rdamedia | ||
| 338 | |a volume |2 rdacarrier | ||
| 500 | |a AIUM. | ||
| 500 | |a Diselia oleh Dr Mujahit Mustafa Bahjat. | ||
| 502 | |a Dissertation (M.Usuluddin) -- Jabatan Akidah dan Pemikiran Islam, Akademi Pengajian Islam, Universiti Malaya, 2013. | ||
| 504 | |a Bibliography: leaves 258-270. | ||
| 600 | 1 | 0 | |a al-Hasan Al-Jalal, |d 1084. |
| 600 | 1 | 0 | |a Salih Al-Maqbili, |d 1108. |
| 650 | 0 | |a Islam |x Doctrines | |
| 710 | 2 | |a Universiti Malaya. |b Jabatan Akidah dan Pemikiran Islam. | |
| 880 | 1 | |6 100-01/(3/r |a عتيق, شعيب محمد علي. | |
| 880 | 1 | 3 | |6 245-02/(3/r |a المسائل العقديّة عند الحسن الجلال (ت: 1084ه) وصالح المقبليّ (ت:1108ه) : |b دراسة مقارنة / |c شعيب محمد على عتيق. |
| 900 | |a HH | ||
| 596 | |a 1 12 18 | ||
| 999 | |a BP42 A2 UM 2013 ATE |w LC |c 1 |i A514685264 |l RESERVES |m P18ISLPURI |r Y |s Y |t TESIS |u 22/1/2014 | ||
| 999 | |a BP42 A2 UM 2013 ATE |w LC |c 1 |i A515789420 |d 15/6/2016 |e 15/6/2016 |f 14/2/2014 |g 1 |l STACKS |m P12ISLAMKL |n 2 |r Y |s Y |t TESIS |u 13/2/2014 | ||
| 999 | |a BP42 A2 UM 2013 ATE |w LC |c 1 |i A515710610 |d 20/10/2014 |f 20/10/2014 |g 1 |l STACKS |m P01UTAMA |r Y |s Y |t TESIS |u 16/10/2014 | ||
